| 000 | 01250cad a22002055a 4500 | ||
|---|---|---|---|
| 001 | L156742 | ||
| 008 | 120706s2012 xxk 000 0 eng d | ||
| 035 | _a(Sirsi) u156742 | ||
| 041 | 0 | _aeng | |
| 110 | 2 |
_aSavills _92020 |
|
| 245 | 0 | 0 |
_aSpotlight _bCentral London retail City and City fringes - Summer 2012 _h[electronic resource] |
| 260 |
_aLondon _bSavills _c2012 |
||
| 490 | 0 |
_aSavills Spotlight Central London Retail City and City Fringes _vSummer 2012 |
|
| 520 | _aAn Olympic boost to spending is possible in London but the prospects for the rest of 2012 remain mixed. Central London retail will continue to outperform the rest of the UK. Some comparison goods and fashion retailers see the shorter trading patterns of the City of London retail market as a challenge. The rejuvenation of Cheapside and the opening of One New Change has significantly improved City retail space. The City fringe retail markets offer retailers a mix of residential and commercial neighbourhoods not available in the City core. | ||
| 590 | _aNTK KA | ||
| 651 | 4 | _aLondon | |
| 690 |
_aCommercial property _96227 |
||
| 856 | 4 | 0 |
_uhttps://www.savills.co.uk/research/commercial-research.aspx _zView the report after free registration at www.savills.co.uk |
| 942 | _n0 | ||
| 999 |
_c84136 _d84136 |
||